INTERNATIONAL BUSINESS AND MULTIONAL ENTERISES ' (Record no. 18390)

MARC details
000 -LEADER
fixed length control field 00408nam a22001697a 4500
003 - CONTROL NUMBER IDENTIFIER
control field OSt
005 - DATE AND TIME OF LATEST TRANSACTION
control field 20211116092315.0
008 - FIXED-LENGTH DATA ELEMENTS--GENERAL INFORMATION
fixed length control field 211116b |||||||| |||| 00| 0 eng d
020 ## - INTERNATIONAL STANDARD BOOK NUMBER
International Standard Book Number 0258025142
040 ## - CATALOGING SOURCE
Transcribing agency HU
082 ## - DEWEY DECIMAL CLASSIFICATION NUMBER
Classification number 338.88
100 ## - MAIN ENTRY--PERSONAL NAME
Personal name ROBOCK
9 (RLIN) 18538
245 ## - TITLE STATEMENT
Title INTERNATIONAL BUSINESS AND MULTIONAL ENTERISES '
260 ## - PUBLICATION, DISTRIBUTION, ETC.
Place of publication, distribution, etc. AMERICA
Name of publisher, distributor, etc. LTD
Date of publication, distribution, etc. 1989
300 ## - PHYSICAL DESCRIPTION
Extent 277
942 ## - ADDED ENTRY ELEMENTS (KOHA)
Source of classification or shelving scheme Dewey Decimal Classification
Koha item type Books like text book referance book
Suppress in OPAC No
Holdings
Withdrawn status Lost status Source of classification or shelving scheme Damaged status Not for loan Home library Current library Shelving location Date acquired Total Checkouts Full call number Barcode Date last seen Copy number Price effective from Koha item type
    Dewey Decimal Classification     College of Business and Economics Library College of Business and Economics Library General Stacks 11/16/2021   338.88/ROB MBELIB0000002103 11/16/2021 1 11/16/2021 Books like text book referance book
    Dewey Decimal Classification     College of Business and Economics Library College of Business and Economics Library General Stacks 11/16/2021   338.88/ROB MBELIB0000002104 11/16/2021 2 11/16/2021 Books like text book referance book
    Dewey Decimal Classification     College of Business and Economics Library College of Business and Economics Library General Stacks 11/16/2021   338.88/ROB MBELIB0000002105 11/16/2021 3 11/16/2021 Books like text book referance book
    Dewey Decimal Classification     College of Business and Economics Library College of Business and Economics Library General Stacks 11/16/2021   338.88/ROB MBELIB0000002106 11/16/2021 4 11/16/2021 Books like text book referance book